| 000 | 00782nam a22001937a 4500 | ||
|---|---|---|---|
| 005 | 20180420152934.0 | ||
| 010 | _aB-691493-494 | ||
| 020 |
_c1100.00 _a9788184577129 |
||
| 035 | _aB-691493-494 | ||
| 037 | _bR.K.Books | ||
| 082 | _a371.9 | ||
| 100 | _aBalsara, Maitreya | ||
| 245 |
_aEducation of exceptional and handicapped children / _cby Maitreya Balsara |
||
| 260 |
_aDelhi _bKanishka Publishers _c2016 |
||
| 270 |
_a4697/5-21 A, Ansari Road,Daryaganj _bNew Delhi _e110002 |
||
| 300 |
_axiv, 342 pages : illustrations (black and white) ; _c 23 cm(Hb) |
||
| 942 |
_2ddc _cEN _mBAL _h371.9 |
||
| 999 |
_c151633 _d151633 |
||